| 000 | 01497nam0a2200337 i 4500 | ||
|---|---|---|---|
| 001 | RU\NLR\BIBL_A\010410506 | ||
| 005 | 20241105155633.0 | ||
| 010 |
_a9785473008685 _9500 |
||
| 021 |
_aRU _b2014-31681 _91942 |
||
| 035 | _a(NILC)RuMoRGB-007209839 | ||
| 035 | _a(NLR Aleph) 010410506 | ||
| 090 |
_a9754420 _c9754420 |
||
| 100 | _a20140701d2013 km y0rusy50 ca | ||
| 101 | 0 | _arus | |
| 102 | _aRU | ||
| 105 | _aac||z|||000yd | ||
| 200 | 1 |
_a100 выдающихся новокуйбышевских нефтепереработчиков _e[очерки] _fВасилий Милюткин |
|
| 210 |
_aСамара _cОфорт _d2013 |
||
| 215 |
_a418 с., [8] л. ил., цв. ил., портр. _cпортр. _d21 |
||
| 311 | _aДоп к кн. авт. "Здравствуй, друг!" и "60 моему заводу" | ||
| 313 | _aИстория завода | ||
| 488 | 0 |
_12001#$aЗдравствуй, друг!$a60 моему заводу _t60 моему заводу |
|
| 517 | 1 | _aСто выдающихся новокуйбышевских нефтепереработчиков | |
| 601 | 0 | 2 |
_aНовокуйбышевский нефтеперерабатывающий завод _91713579 _3RU\NLR\AUTH\66763964 |
| 686 | 1 | _aУ30(2)565.252.109.2(2Р-4Ку) | |
| 700 | 1 |
_aМилюткин _bВ. С. _gВасилий Степанович |
|
| 801 | 0 |
_aRU _bРГБ _c20140425 _gRCR |
|
| 942 | _cBOOK | ||
| 980 | _aNBR | ||